POLICY MATTERS (Record no. 9194)
[ view plain ]
| 000 -LEADER | |
|---|---|
| fixed length control field | 00554nam a22001817a 4500 |
| 003 - CONTROL NUMBER IDENTIFIER | |
| control field | OSt |
| 005 - DATE AND TIME OF LATEST TRANSACTION | |
| control field | 20240716122326.0 |
| 008 - FIXED-LENGTH DATA ELEMENTS--GENERAL INFORMATION | |
| fixed length control field | 240716b |||||||| |||| 00| 0 eng d |
| 020 ## - INTERNATIONAL STANDARD BOOK NUMBER | |
| International Standard Book Number | 9781842778357 |
| 040 ## - CATALOGING SOURCE | |
| Transcribing agency | MUST |
| 082 ## - DEWEY DECIMAL CLASSIFICATION NUMBER | |
| Classification number | 320.6 POL 2007 |
| 100 ## - MAIN ENTRY--PERSONAL NAME | |
| Personal name | edited by Jose Antonio Ocampo ...[ et al ] |
| 9 (RLIN) | 18757 |
| 245 ## - TITLE STATEMENT | |
| Title | POLICY MATTERS |
| Remainder of title | Economic and Social policies to sustain Equitable Development |
| Statement of responsibility, etc. | edited by Jose Antonio Ocampo ...[ et al ] |
| 300 ## - PHYSICAL DESCRIPTION | |
| Extent | xv, 347p. |
| Other physical details | ill. |
| Dimensions | 24cm |
| 504 ## - BIBLIOGRAPHY, ETC. NOTE | |
| Bibliography, etc | indexes |
| 650 ## - SUBJECT ADDED ENTRY--TOPICAL TERM | |
| Source of heading or term | Economics |
| 942 ## - ADDED ENTRY ELEMENTS (KOHA) | |
| Source of classification or shelving scheme | Dewey Decimal Classification |
| Koha item type | Open Shelf |
| Withdrawn status | Lost status | Source of classification or shelving scheme | Damaged status | Not for loan | Home library | Current library | Date acquired | Source of acquisition | Inventory number | Total Checkouts | Full call number | Barcode | Date last seen | Price effective from | Koha item type |
|---|---|---|---|---|---|---|---|---|---|---|---|---|---|---|---|
| Dewey Decimal Classification | MUST Main Library | MUST Main Library | 16/07/2024 | Purchase | 11/34422 | 320.6 POL 2007 | 2024-21977 | 16/07/2024 | 16/07/2024 | Open Shelf | |||||
| Dewey Decimal Classification | MUST Main Library | MUST Main Library | 23/07/2024 | Purchase | 11/34419 | 320.6 POL 2007 | 2024-22085 | 23/07/2024 | 23/07/2024 | Open Shelf | |||||
| Dewey Decimal Classification | MUST Main Library | MUST Main Library | 23/07/2024 | Purchase | 11/34420 | 320.6 POL 2007 | 2024-22086 | 23/07/2024 | 23/07/2024 | Open Shelf | |||||
| Dewey Decimal Classification | MUST Main Library | MUST Main Library | 23/07/2024 | Purchase | 11/34419 | 320.6 POL 2007 | 2024-22087 | 23/07/2024 | 23/07/2024 | Open Shelf |
